00928nam a2200121Ia 4500082001900000245002600019250000800045260003900053300000800092500065000100650002800750650002800778 aRR 920.02 WHO- 0aWho was who 1897-1915 a5th aLondonbAdam & Charles Blackc1966 a5v. aContents: Vol.1.a companion to who's who containing the biograhies of those who died during the period 1897-1915(5th ed.)(i, 789p.).-v.2.a companion to who's who containing the biograhies of those who died during the period 1916-1928(4th ed.)(xxxiii, 1159p.).-v.3.(0 7136 0170 1)a companion to who's who containing the biograhies of those who died during the period 1929-1940(2nd ed)(xxxiv, 1508p.).-v.5a companion to who's who containing the bibliographies of those who died during the period 1950-1960.(xxxi, 1206p.)v.6.a companion to who's who containing the biograhies of those who died during the period 1961-1970(0 7136 1202 9)(xi, 1243p.) aCelebrities - Biography aBiography - Directories